<?xml version="1.0" encoding="UTF-8"?><?xml-stylesheet type="text/xsl" href="static/style.xsl"?><OAI-PMH xmlns="http://www.openarchives.org/OAI/2.0/" xmlns:xsi="http://www.w3.org/2001/XMLSchema-instance" xsi:schemaLocation="http://www.openarchives.org/OAI/2.0/ http://www.openarchives.org/OAI/2.0/OAI-PMH.xsd"><responseDate>2026-04-13T02:38:52Z</responseDate><request verb="GetRecord" identifier="oai:www.recercat.cat:2072/484212" metadataPrefix="marc">https://recercat.cat/oai/request</request><GetRecord><record><header><identifier>oai:recercat.cat:2072/484212</identifier><datestamp>2025-08-31T18:11:27Z</datestamp><setSpec>com_2072_98</setSpec><setSpec>col_2072_378192</setSpec></header><metadata><record xmlns="http://www.loc.gov/MARC21/slim" xmlns:dcterms="http://purl.org/dc/terms/" xmlns:xsi="http://www.w3.org/2001/XMLSchema-instance" xmlns:doc="http://www.lyncode.com/xoai" xsi:schemaLocation="http://www.loc.gov/MARC21/slim http://www.loc.gov/standards/marcxml/schema/MARC21slim.xsd">
   <leader>00925njm 22002777a 4500</leader>
   <datafield ind2=" " ind1=" " tag="042">
      <subfield code="a">dc</subfield>
   </datafield>
   <datafield ind2=" " ind1=" " tag="720">
      <subfield code="a">Esmel Vilomara, Roger</subfield>
      <subfield code="e">author</subfield>
   </datafield>
   <datafield ind2=" " ind1=" " tag="720">
      <subfield code="a">Riaza Martin, Lucía</subfield>
      <subfield code="e">author</subfield>
   </datafield>
   <datafield ind2=" " ind1=" " tag="720">
      <subfield code="a">Dolader, Paola</subfield>
      <subfield code="e">author</subfield>
   </datafield>
   <datafield ind2=" " ind1=" " tag="720">
      <subfield code="a">Rodríguez-Santiago, Benjamín</subfield>
      <subfield code="e">author</subfield>
   </datafield>
   <datafield ind2=" " ind1=" " tag="720">
      <subfield code="a">Lasa-Aranzasti, Amaia</subfield>
      <subfield code="e">author</subfield>
   </datafield>
   <datafield ind2=" " ind1=" " tag="720">
      <subfield code="a">Muñoz-Cabello, Patricia</subfield>
      <subfield code="e">author</subfield>
   </datafield>
   <datafield ind2=" " ind1=" " tag="720">
      <subfield code="a">Fernández-Álvarez, Paula</subfield>
      <subfield code="e">author</subfield>
   </datafield>
   <datafield ind2=" " ind1=" " tag="720">
      <subfield code="a">Figueras-Coll, Marc</subfield>
      <subfield code="e">author</subfield>
   </datafield>
   <datafield ind2=" " ind1=" " tag="720">
      <subfield code="a">Bianco, Lisa</subfield>
      <subfield code="e">author</subfield>
   </datafield>
   <datafield ind2=" " ind1=" " tag="720">
      <subfield code="a">Bueno-Gómez, Andrea</subfield>
      <subfield code="e">author</subfield>
   </datafield>
   <datafield ind2=" " ind1=" " tag="720">
      <subfield code="a">Vargas-Pons, Laura</subfield>
      <subfield code="e">author</subfield>
   </datafield>
   <datafield ind2=" " ind1=" " tag="720">
      <subfield code="a">Camprubí-Tubella, Elisabet</subfield>
      <subfield code="e">author</subfield>
   </datafield>
   <datafield ind2=" " ind1=" " tag="720">
      <subfield code="a">Marimon-Blanch, Cristina</subfield>
      <subfield code="e">author</subfield>
   </datafield>
   <datafield ind2=" " ind1=" " tag="720">
      <subfield code="a">Sabaté-Rotés, Anna</subfield>
      <subfield code="e">author</subfield>
   </datafield>
   <datafield ind2=" " ind1=" " tag="720">
      <subfield code="a">Rosés-Noguer, F.</subfield>
      <subfield code="e">author</subfield>
   </datafield>
   <datafield ind2=" " ind1=" " tag="720">
      <subfield code="a">Gran, Ferran</subfield>
      <subfield code="e">author</subfield>
   </datafield>
   <datafield ind2=" " ind1=" " tag="720">
      <subfield code="a">Universitat Autònoma de Barcelona. Departament de Pediatria, Obstetrícia i Ginecologia i de Medicina Preventiva i Salut Pública</subfield>
      <subfield code="e">author</subfield>
   </datafield>
   <datafield ind2=" " ind1=" " tag="260">
      <subfield code="c">2025</subfield>
   </datafield>
   <datafield ind2=" " ind1=" " tag="520">
      <subfield code="a">Altres ajuts: acords transformatius de la UAB</subfield>
   </datafield>
   <datafield ind2=" " ind1=" " tag="520">
      <subfield code="a">Background: Myocarditis has traditionally been considered an acquired condition, but recent evidence suggests a genetic contribution, primarily in complicated cases. Data on pediatric uncomplicated or infarct-like myocarditis remain scarce. This study aimed to assess the prevalence of pathogenic or likely pathogenic (P/LP) variants in adolescents with infarct-like myocarditis and their association with clinical and imaging findings. Methods: This prospective, multicenter study included 30 adolescents diagnosed with infarct-like myocarditis across five hospitals in Catalunya, Spain (2016-2024). Diagnosis was confirmed using the 2018 Lake Louise Criteria on cardiac magnetic resonance imaging (CMR). Follow-up CMR was performed at 12 months, and genetic testing was conducted using a next-generation sequencing panel targeting 174 genes associated with inherited cardiac diseases. Results: P/LP variants in cardiomyopathy-associated genes were identified in 22.2 % of patients. Baseline CMR showed no significant differences in ventricular function or LGE extent, but a ring-like LGE pattern was significantly associated with genetic findings (p = 0.025), while septal involvement showed a p-value of 0.056. Over a median follow-up of 3 years (IQR 2-7), 9 patients (30 %) experienced recurrent myocarditis, more frequently in genetic-positive patients (66.7 % vs. 23.8 %). At 12 months, genetic-positive patients exhibited a greater LGE burden (p = 0.047) and persistent myocardial edema on T2-STIR (p = 0.009), suggesting ongoing myocardial remodeling. Conclusions: The high prevalence of P/LP variants in infarct-like myocarditis highlights the need for genetic testing, particularly in patients with a ring-like LGE pattern or septal involvement. Persistent CMR abnormalities and symptomatic recurrences in genetic-positive cases support long-term monitoring, even in seemingly uncomplicated presentations.</subfield>
   </datafield>
   <datafield tag="653" ind2=" " ind1=" ">
      <subfield code="a">Infarct-like</subfield>
   </datafield>
   <datafield tag="653" ind2=" " ind1=" ">
      <subfield code="a">Myocarditis</subfield>
   </datafield>
   <datafield tag="653" ind2=" " ind1=" ">
      <subfield code="a">Adolescents</subfield>
   </datafield>
   <datafield tag="653" ind2=" " ind1=" ">
      <subfield code="a">Genetics</subfield>
   </datafield>
   <datafield tag="653" ind2=" " ind1=" ">
      <subfield code="a">Cardiac magnetic resonance</subfield>
   </datafield>
   <datafield ind2="0" ind1="0" tag="245">
      <subfield code="a">Infarct-like myocarditis in adolescents : Exploring genetic insights from diagnosis through follow-up</subfield>
   </datafield>
</record></metadata></record></GetRecord></OAI-PMH>